Catecismo y exposición breve de la doctrina cristiana / (Record no. 158976)

MARC details
000 -LEADER
campo de control de longitud fija 00940nam a22002175i 4500
001 - NÚMERO DE CONTROL
campo de control 158976
003 - IDENTIFICADOR DE NÚMERO DE CONTROL
campo de control ES-MaACL
005 - FECHA Y HORA DE LA ÚLTIMA TRANSACCIÓN
campo de control 20250830073541.0
008 - DATOS DE LONGITUD FIJA--INFORMACIÓN GENERAL
campo de control de longitud fija 010903s1847 mx |||| | spa d
040 ## - FUENTE DE CATALOGACIÓN
Centro catalogador/agencia de origen CCPB | B
Lengua de catalogación spa
Centro/agencia transcriptor CCPB | B
100 1# - ENTRADA PRINCIPAL--NOMBRE DE PERSONA
Nombre de persona Ripalda, Jerónimo de,
Fechas asociadas al nombre 1536-1618
9 (RLIN) 223864
245 10 - MENCIÓN DEL TÍTULO
Título Catecismo y exposición breve de la doctrina cristiana /
Mención de responsabilidad, etc. por Gerónimo de Ripalda de la Compañía de Jesús ; traducida al idioma yucateco con unos afectos para socorrer a los moribundos por Fr. Joaquín Ruz.
260 ## - PUBLICACIÓN, DISTRIBUCIÓN, ETC.
Lugar de publicación, distribución, etc. Mérida de Yucatán :
Nombre del editor, distribuidor, etc. [s.n.],
Fecha de publicación, distribución, etc. 1847 (
Fabricante impreso por José D. Espinosa)
300 ## - DESCRIPCIÓN FÍSICA
Extensión 88 p. ;
Dimensiones 16 cm.
594 #1 - Nota al título y mención de responsabilidad
Nota al título y mención de responsabilidad Preliminares en español y texto en yucateco.
650 #7 - PUNTO DE ACCESO ADICIONAL DE MATERIA--TÉRMINO DE MATERIA
Término de materia o nombre geográfico como elemento de entrada Catecismos
Fuente del encabezamiento o término embne
9 (RLIN) 10845
700 11 - ENTRADA AGREGADA--NOMBRE PERSONAL
Nombre de persona Ruz, Joaquín,
Término indicativo de función/relación
9 (RLIN) 132210
752 ## - ENTRADA AGREGADA--NOMBRE JERÁRQUICO DEL LUGAR
País o entidad superior México -
Ciudad Mérida de Yucatán
852 ## - LOCALIZACIÓN
Ubicación ES-MaACL
Número de control de estantería R-1769
Nota libre -- Enc. hol.
Encuadernación Olim D-3874
Holdings
Estatus retirado Estado de pérdida Estado de daño No para préstamo Colección Biblioteca de origen Biblioteca actual Ubicación en estantería Fecha de adquisición Fuente de adquisición Total de préstamos Signatura topográfica completa Código de barras Visto por última vez Precio de reemplazo Tipo de ítem Koha
        Libros del s. XIX Biblioteca del Ateneo de Madrid Biblioteca del Ateneo de Madrid Depósito 17/01/2008     R-1769 1166414 23/02/2023 23/02/2023 Libro impreso antiguo